00620nam a2200121Ia 4500008004100000020001800041100001900059245008300078260003900161650001700200650023700217856004400454171212s9999 xx 000 0 und d a9780874214086 aStewart, Polly cStewart, PollyaWorldviews And The American WestbThe Life of the Place Itself bUniversity Press of Coloradoc2000 aAnthropology aWest (U.S.) -- Ethnic relations; Minorities -- West (U.S.) -- Social life and customs; West (U.S.) -- Civilization; Ethnophilosophy -- West (U.S.); Folklore -- West (U.S.); Group identity -- West (U.S.); West (U.S.) -- In Literature uhttp://www.jstor.org/stable/j.ctt46nx4g